Which cities are in which of the Baltics - Statistics

General Stats
  • This quiz has been taken 63 times
  • The average score is 36 of 48
Answer Stats
Question Tile Select % Correct
cities that are located in Estonia Tallinn Yes
96%
cities that are located in Estonia Salaspils No
94%
cities that are located in Estonia Tartu Yes
94%
cities that are located in Estonia Bauska No
91%
cities that are located in Estonia Jelgava No
89%
cities that are located in Estonia Kretinga No
89%
cities that are located in Lithuania Kuressaare No
89%
cities that are located in Lithuania Madona No
89%
cities that are located in Latvia Sindi No
89%
cities that are located in Estonia Utena No
89%
cities that are located in Lithuania Antsla No
87%
cities that are located in Lithuania Iecava No
87%
cities that are located in Lithuania Kaunas Yes
87%
cities that are located in Lithuania Lihula No
87%
cities that are located in Estonia Ogre No
87%
cities that are located in Latvia Prienai No
87%
cities that are located in Estonia Olaine No
85%
cities that are located in Estonia Seda No
85%
cities that are located in Latvia Daugavpils Yes
83%
cities that are located in Estonia Haapsalu Yes
83%
cities that are located in Estonia Jonava No
83%
cities that are located in Latvia Palanga No
83%
cities that are located in Lithuania Gulbene No
81%
cities that are located in Latvia Kehra No
79%
cities that are located in Latvia Keila No
79%
cities that are located in Latvia Narva No
79%
cities that are located in Lithuania Tapa No
79%
cities that are located in Lithuania Vilnius Yes
79%
cities that are located in Latvia Visaginas No
79%
cities that are located in Latvia Raseiniai No
77%
cities that are located in Latvia Ventspils Yes
77%
cities that are located in Latvia Jelgava Yes
72%
cities that are located in Lithuania Viljandi No
70%
cities that are located in Lithuania Aizpute No
68%
cities that are located in Lithuania Druskininkai Yes
62%
cities that are located in Estonia Rakvere Yes
62%
cities that are located in Latvia Virbalis No
60%
cities that are located in Estonia Valga Yes
57%
cities that are located in Latvia Saldus Yes
55%
cities that are located in Lithuania Kretinga Yes
51%
cities that are located in Estonia Paide Yes
51%
cities that are located in Latvia Tukums Yes
51%
cities that are located in Estonia Kunda Yes
49%
cities that are located in Latvia Ludza Yes
49%
cities that are located in Lithuania Alytus Yes
47%
cities that are located in Lithuania Jurbarkas Yes
45%
cities that are located in Latvia Talsi Yes
45%
cities that are located in Lithuania Garliava Yes
38%
No matching quizzes found
Score Distribution
Percent of People with Each Score
Percentile by Number Answered
Your Score History
You have not taken this quiz